00586pab a2200181 454500008004000000100002600040245008900066260000900155300001500164362000800179650002500187650001600212773003500228908000600263909001100269999001900280952010500299180718b2014 xxu||||| |||| 00| 0 eng d aCotula, Lorenzo et al aTesting claims about large land deals in Africa: Findings from a multi-country study c2014 ap.903-925. aJul aLand tenure - Africa aLand tenure aJournal of Development Studies aN a105816 c105811d105811 00104070aIIPAbIIPAd2018-07-19hVolume no: 50, Issue no: 7pAR106276r2018-07-19w2018-07-19yAR